| 000 | 00796cam a2200217 a 4500 | ||
|---|---|---|---|
| 020 | _a0023071508 | ||
| 082 | 0 | 0 |
_a620.002854 _bBEA _cL-10, P-81 |
| 100 | 1 |
_aBeakley, George C. _940497 |
|
| 245 | 1 | 0 |
_aComputation, calculators, and computers : _btools for engineering problem solving, including FORTRAN / _cGeorge C. Beakley, Robert E. Lovell. |
| 260 |
_aNew York : _bMacmillan ; _aLondon : _bCollier Macmillan, _cc1983. |
||
| 300 |
_axii, 334 p. : _bill. ; _c25 cm. |
||
| 500 | _aIncludes index. | ||
| 526 |
_a0 _b0 _c0 _d620_002854000000000_BEA |
||
| 650 | 0 |
_aCalculators. _940498 |
|
| 650 | 0 | _aComputers. | |
| 650 | 0 |
_aEngineering _xData processing. _919414 |
|
| 650 | 0 |
_aFORTRAN (Computer program language) _926734 |
|
| 650 | 0 |
_aMCE _9379 |
|
| 700 | 1 |
_aLovell, Robert E. _940499 |
|
| 942 |
_2ddc _cBK |
||
| 999 |
_c544766 _d544766 |
||